000 00833nam a2200277 4500
003 OSt
005 20260530113846.0
008 260422b1985 mx a|||| |||| 00| 0 spa d
020 _a9688870005
040 _aICI
_bspa
_cICI
041 _aspa
050 _aTS171
_bB63718
100 1 _aBonsiepe, Gui,
_eautor
_930731
240 1 2 _aA tecnologia da tecnologia
_lEspañol
245 1 3 _aEl diseño de la periferia :
_bdebates y experiencias /
_cGui Bonsiepe
264 1 _aMéxico :
_bGustavo Gili,
_cc1985
300 _a271 páginas
_c20 cm
336 _atexto
_2rdacontent
337 _asin medio
_2rdamedia
338 _avolumen
_2rdacarrier
490 0 _aDiseño
500 _aTraducción de: Tecnologia da tecnologia
650 4 _aInnovaciones tecnológicas
_930732
650 4 _aDiseño industrial
_915218
942 _2lcc
_cBK
_n1
999 _c11289
_d11289